Länder mit deutschen Wörtern im Namen - Statistiken

Allgemein
  • Dieses Quiz wurde 113 mal gespielt
    92 seit der letzten Aktualisierung
  • Das Durchschnittsergebnis liegt bei 49 aus 113
Antwortstatistiken
Hinweis Antwort % Korrekt
abwärts Niederlande
76%
Schluss / vorbei Australien
67%
Einheit / Politisch organisierte Gemeinschaft Vereinigte Staaten
65%
Herrschaftsgebiet Österreich
64%
Himmelsrichtung / Kontinent Südafrika
62%
bedürftig Armenien
59%
ungebraucht / Binnengewässer Neuseeland
59%
Wasserpflanze Algerien
58%
Himmelsrichtung Nordkorea
58%
Endpunkt der Erdachse Polen
58%
Einheit / monarchischer Staat Vereinigtes Königreich
58%
Großmutter / jemand Oman
56%
Himmelsrichtung Südkorea
56%
Präposition Indien
55%
früherer Partner/Partnerin Mexiko
55%
Fluss Niger
55%
kleines, als Abfall entstehendes Stückchen des bearbeiteten Materials Spanien
55%
Regierungssystem / Staatsform Demokratische Republik Kongo
54%
Himmelsrichtung / zu keiner Zeit Nordmazedonien
54%
Staatsform Republik Kongo
54%
wohlhabend Frankreich
53%
aufgrund Norwegen
53%
das Paradies Schweden
53%
Einwohner / Währung Dänemark
51%
geologisches Objekt aus Mineralien Liechtenstein
51%
Hafen Portugal
51%
Himmelsrichtung Osttimor
50%
Himmelsrichtung / Flüssigkeit / Präposition Südsudan
50%
Breitenkreis Äquatorialguinea
49%
in Richtung / nach China
49%
Kathedrale / Staatsform Dominikanische Republik
49%
Präposition / Personalpronomen Indonesien
49%
Konjunktion Kanada
49%
Mutterschwein Saudi-Arabien
49%
Reproduktionszelle mit Hülle, Dotter und Embryopotenzial Schweiz
49%
gleichgültig Senegal
49%
überhaupt nicht Argentinien
47%
Der weiße ... Haiti
47%
mittelalterlicher Verteidigungsbau Luxemburg
47%
Eine Handlung ausführen / Personalpronomen Tunesien
47%
bewegliche Abgrenzung zum Verschließen oder Öffnen eines Durchgangs / rundlich-ovales Gebilde, das der Fortpflanzung dient. Türkei
47%
Fluss Nigeria
46%
zu keiner Zeit Albanien
45%
Personalpronomen Serbien
45%
abgeschlossene Zelle zur Entwicklung eines neuen Organismus Slowakei
45%
Langer, dünner Faden Ungarn
45%
Verb (sein) / Präposition Afghanistan
44%
Personalpronomen Aserbaidschan
44%
zügelloses, ausschweifendes Fest Georgien
44%
Außerirdischer Italien
44%
auf keinen Fall Rumänien
44%
Akkusativ Singular eines Pronomen Slowenien
44%
Raubfisch Thailand
44%
Zentrum der römisch-katholischen Kirche / Größere, zentral organisierte Siedlung Vatikanstadt
44%
kreisförmig Burundi
42%
Einwohner Griechenland
42%
Personalpronomen Honduras
42%
Verb (sein) / Präposition Kirgisistan
42%
abgesetzter Niederschlag Litauen
42%
ein einzelnes Ereignis Malta
42%
rein Singapur
42%
Verb (sein) / Präposition Turkmenistan
42%
Zahl / Märchenfigur / Körperteil / Meeresufer Elfenbeinküste
41%
Fluss Jordanien
41%
Hilfsverb zur Bildung von Aussagen im Präsens / Präposition Pakistan
41%
Einheit / Sprache und Kultur Vereinigte Arabische Emirate
41%
Präposition Andorra
40%
Personalpronomen Estland
40%
Ausdruck der Betroffenheit, des Mitleids Kasachstan
40%
Planet / Klang / von Wasser umgebene Landmasse Marshallinseln
40%
befruchtete oder nicht befruchtete weibliche tierische oder menschliche Keimzelle Mongolei
40%
nicht alt Papua-Neuguinea
40%
Zeichen oder Begriff für die Multiplikation Malaysia
38%
sehr klein / Personalpronomen Mikronesien
38%
Form von sein / Präposition Usbekistan
38%
Präposition Angola
37%
Ausdruck, dass man etwas verstanden hat Bahamas
37%
Lokal Barbados
37%
Vorgang des Beißens Guinea-Bissau
37%
Zähleinheit / gefeierte Opernsängerinnen Malediven
37%
sichtbares Merkmal Mali
37%
Verb (sein) / Präposition Tadschikistan
37%
gegen / aufzählende Konjunktion / Druckeinheit Antigua und Barbuda
36%
aufzählende Konjunktion / Organ Bosnien und Herzegowina
36%
Sprache Deutschland
36%
Personalpronomen Peru
36%
von Licht erfüllt Seychellen
36%
Bindewort St. Kitts und Nevis
36%
Wort, das Dinge miteinander verbindet oder kombiniert St. Vincent und die Grenadinen
36%
Gotteshaus Dominica
35%
Adverb Iran
35%
Personalpronomen Kamerun
35%
Zähleinheit Somalia
35%
kausal / luftförmiger Stoff Madagaskar
33%
Kurzform von niemals Mauretanien
33%
Personalpronomen Sierra Leone
33%
Genitiv Singular eines Artikels Bangladesch
32%
Kopfbedeckung Bhutan
32%
Lebensmittel Brunei
32%
Bezeichnung zur Identifikation von Personen Suriname
32%
Himmelsrichtung Costa Rica
31%
Personalpronomen Zypern
31%
Personalpronomen Eswatini
29%
Personalpronomen Kap Verde
29%
Personalpronomen Lesotho
29%
aufzählendes Wort Trinidad und Tobago
29%
weder warm noch kalt Palau
28%
Flüssigkeit / Präposition Sudan
28%
Personalpronomen Eritrea
27%
Personalpronomen Liberia
27%
Zähleinheit Malawi
26%
mittig / Kontinent / Staatsform Zentral­afrikanische Republik
26%
Konjunktion zur Aufzählung São Tomé und Príncipe
24%
Keine übereinstimmenden Quizze gefunden
Verteilung der Resultate
Anzahl Personen mit jedem Resultat
Perzentil nach korrekt beantworteten Fragen
Ihre Resultats-Entwicklung
Sie haben dieses Quiz seit der letzten Aktualisierung nicht gespielt